[Event "CZE-ch 2020"]
[Site "Pilsen"]
[Date "2020.08.25"]
[Round "3.27"]
[White "Folk, Petr"]
[Black "Gnojek, Petr"]
[Result "1/2-1/2"]
[WhiteElo "2122"]
[BlackElo "2225"]
[Annotator "TA"]
[PlyCount "108"]
[EventDate "2020.08.23"]
[EventType "swiss"]
[EventCountry "CZE"]
[SourceTitle "playchess.com"]
[Source "ChessBase"]
[SourceQuality "1"]

{[%evp 17,108,12,6,2,8,0,0,-14,0,-7,0,0,8,-68,-50,-50,-68,-65,-50,-50,-50,-52,-60,-62,-58,-58,-25,-33,-33,-27,0,0,0,0,0,0,0,0,0,0,0,0,0,0,0,0,0,0,0,0,0,0,0,0,0,0,83,58,110,103,131,131,194,122,169,87,87,87,140,141,169,150,148,143,143,150,154,15,15,9,9,14,87,0,8,8,8,8,8,8,8,8,29978]} 1. e4 d6 2. d4 Nf6 3. Nc3 g6 4. f4 Bg7 5. Nf3 O-O 6. Bd3 Nc6 7. O-O e5 8. dxe5 dxe5 9. f5 Nb4 10. Bg5 {B09: Pirc Defence: Austrian Attack.} Nxd3 11. cxd3 gxf5 12. Kh1 h6 13. Bh4 Qd6 14. exf5 Bxf5 {[#]} 15. d4 $146 (15. Nd2 $11 Qe6 16. Bxf6 Qxf6 17. Qf3) ({Predecessor:} 15. Nd2 Qe6 16. Qf3 Bg4 17. Qxb7 Rfb8 18. Qxc7 Rxb2 19. Nc4 Rc2 20. Qb7 Rd8 21. Bxf6 Bxf6 {0-1 (59) Graf,A (2620)-Narciso Dublan,M (2539) Torrelavega 2007}) 15... Ng4 $36 {[%cal Re5d4][%mdl 2048] Black has some pressure.} 16. dxe5 $1 Qxd1 $1 ({Inferior is} 16... Bxe5 17. Nxe5 Qxe5 18. Bg3 $18) 17. Nxd1 Be4 18. Nc3 Bxf3 19. Rxf3 Nxe5 20. Rf5 Ng6 21. Bg3 Ne7 22. Rb5 b6 23. Bxc7 Rac8 24. Be5 Rfd8 {And now ...a6 would win.} 25. Bxg7 $1 Kxg7 26. Re1 Rd2 27. Kg1 Ng6 28. Re2 Rcd8 29. Kf2 R2d4 30. g3 f6 31. a4 Ne5 32. a5 R8d6 33. axb6 axb6 34. Kg2 Kg6 35. Ne4 Re6 36. Nc3 Rc6 (36... Red6 $11) 37. Nd5 $16 Rc5 (37... Rd6 $14 38. Nxf6 (38. Nxb6 Rd2 $11) 38... Rd2 39. Rbxe5 Kxf6) 38. Nf4+ Kf5 39. Rxb6 {[#] aiming for Ne6.} Re4 (39... Nc4 $16 {might work better.}) 40. Rf2 (40. Rxf6+ $18 Kxf6 41. Rxe4) 40... Ng4 41. Nd3+ (41. Rd2 $18) 41... Nxf2 42. Nxc5 {[%mdl 4096] Endgame KRN-KRN} Re2 ({Black should play} 42... Rc4) 43. Kf3 Rc2 {[#]} 44. Nd7 $1 Ng4 {[%csl Gg4][%cal Rc2f2]} 45. Rb5+ Ne5+ 46. Nxe5 fxe5 {KR-KR} 47. h3 (47. g4+ $16 Ke6 48. h4) 47... h5 $11 48. g4+ hxg4+ 49. hxg4+ Kf6 50. g5+ (50. Rb8 $16) 50... Kxg5 {The position is equal.} 51. Rxe5+ Kf6 52. Re2 Rxe2 53. Kxe2 Ke6 54. Kd2 {White threatens Kc3 and mate.} Ke5 $4 {[%mdl 40960] Accuracy: White = 83%, Black = 78%. . An unexpected result.} (54... Kd6 $11) 1/2-1/2

[Event "CZE-ch 2020"]
[Site "Pilsen"]
[Date "2020.08.25"]
[Round "3.28"]
[White "Vybiral, Zdenek"]
[Black "Placer, Sebastian"]
[Result "1-0"]
[WhiteElo "2221"]
[BlackElo "2097"]
[Annotator "ChessBase"]
[PlyCount "109"]
[EventDate "2020.08.23"]
[EventType "swiss"]
[EventCountry "CZE"]
[SourceTitle "playchess.com"]
[Source "ChessBase"]
[SourceQuality "1"]
[TimeControl "40/5400+30:1800+30"]

1. d4 {[%emt 0:01:46]} Nf6 {[%emt 0:00:00]} 2. c4 {[%emt 0:00:11]} g6 {[%emt 0:00:28]} 3. Nc3 {[%emt 0:00:09]} d5 4. cxd5 {[%emt 0:00:04]} Nxd5 {[%emt 0:00:11]} 5. Bd2 {[%emt 0:00:04]} Bg7 {[%emt 0:00:53]} 6. e4 {[%emt 0:00:06]} Nb6 {[%emt 0:00:08]} 7. Be3 {[%emt 0:00:04]} O-O {[%emt 0:00:19]} 8. Bb5 {[%emt 0:00:05]} c6 {[%emt 0:02:09]} 9. Be2 {[%emt 0:00:05]} e5 {[%emt 0:09:09]} 10. Nf3 {[%emt 0:04:08]} exd4 {[%emt 0:02:44]} 11. Nxd4 {[%emt 0:00:22]} N8d7 {[%emt 0:00:44]} 12. O-O {[%emt 0:00:18]} Qe7 {[%emt 0:02:11]} 13. Qc2 {[%emt 0:14:57]} Rd8 {[%emt 0:02:25]} 14. Rad1 {[%emt 0:04:55]} Ne5 {[%emt 0:07:07]} 15. b3 {[%emt 0:37:30]} Ng4 {[%emt 0:08:18]} 16. Bxg4 {[%emt 0:00:07]} Bxg4 {[%emt 0:00:03]} 17. f3 {[%emt 0:00:07]} Be6 {[%emt 0:00:47]} 18. Nce2 {[%emt 0:01:50]} Rd7 {[%emt 0:06:33]} 19. Nxe6 {[%emt 0:06:44]} fxe6 {[%emt 0:02:08]} 20. Rxd7 {[%emt 0:00:51]} Qxd7 {[%emt 0:01:57]} 21. Rd1 {[%emt 0:00:19]} Qe8 {[%emt 0:01:40]} 22. Qd2 {[%emt 0:04:38]} Be5 {[%emt 0:07:44]} 23. a4 {[%emt 0:07:32]} Bc7 {[%emt 0:02:24]} 24. Bg5 {[%emt 0:00:05]} a5 {[%emt 0:01:39]} 25. Ng3 {[%emt 0:05:05]} Qf7 {[%emt 0:06:06]} 26. Nf1 {[%emt 0:00:25]} e5 {[%emt 0:00:32]} 27. Qd3 {[%emt 0:00:47]} Re8 {[%emt 0:07:41]} 28. Ne3 {[%emt 0:00:12]} Re6 {[%emt 0:05:30]} 29. Ng4 {[%emt 0:01:20]} Qf8 {[%emt 0:07:20]} 30. Bh6 {[%emt 0:02:39]} Qc5+ {[%emt 0:00:52]} 31. Be3 {[%emt 0:00:06]} Qe7 {[%emt 0:00:28]} 32. Qc3 {[%emt 0:00:50]} h5 {[%emt 0:07:47]} 33. Bc5 {[%emt 0:01:06]} Qg7 {[%emt 0:01:17]} 34. Nf2 {[%emt 0:05:59]} Nd7 {[%emt 0:00:28]} 35. Be3 {[%emt 0:00:05]} Qe7 {[%emt 0:00:17]} 36. Qc4 {[%emt 0:00:31]} Kg7 {[%emt 0:00:39]} 37. Qc1 {[%emt 0:00:30]} Rd6 {[%emt 0:00:35]} 38. Rd3 {[%emt 0:01:12]} Rxd3 {[%emt 0:01:25]} 39. Nxd3 {[%emt 0:00:01]} Qd6 {[%emt 0:00:22]} 40. Qc3 {[%emt 0:00:10]} Kh7 {[%emt 0:02:16]} 41. Kf2 {[%emt 0:30:34]} Qe6 {[%emt 0:06:03]} 42. Ke2 {[%emt 0:00:00]} b6 {[%emt 0:04:09]} 43. Bc1 {[%emt 0:00:00]} Bd8 {[%emt 0:02:47]} 44. Qd2 {[%emt 0:00:00]} Kg8 {[%emt 0:01:18]} 45. Nxe5 {[%emt 0:00:00]} Qxe5 {[%emt 0:02:35]} 46. Qxd7 {[%emt 0:00:00]} Qf6 {[%emt 0:00:54]} 47. Kd3 {[%emt 0:00:00]} Be7 {[%emt 0:01:44]} 48. Be3 {[%emt 0:00:00]} c5 {[%emt 0:06:18]} 49. Bd2 {[%emt 0:00:00]} Qf7 {[%emt 0:01:24]} 50. Bc3 {[%emt 0:00:00]} Kh7 {[%emt 0:02:23]} 51. f4 {[%emt 0:00:00]} Kg8 {[%emt 0:00:55]} 52. g3 {[%emt 0:00:00]} g5 {[%emt 0:01:00]} 53. f5 {[%emt 0:02:20]} g4 {[%emt 0:01:07]} 54. Qc6 {[%emt 0:00:17]} Kh7 {[%emt 0:00:29]} 55. Qxb6 {[%emt 0:00:35]} 1-0

[Event "CZE-ch 2020"]
[Site "Pilsen"]
[Date "2020.08.25"]
[Round "3.29"]
[White "Jun, Rudolf"]
[Black "Eret, Jonas"]
[Result "1/2-1/2"]
[WhiteElo "2094"]
[BlackElo "2219"]
[Annotator "ChessBase"]
[PlyCount "60"]
[EventDate "2020.08.23"]
[EventType "swiss"]
[EventCountry "CZE"]
[SourceTitle "playchess.com"]
[Source "ChessBase"]
[SourceQuality "1"]
[TimeControl "40/5400+30:1800+30"]

1. e4 {[%emt 0:00:00]} d6 {[%emt 0:00:04]} 2. d4 {[%emt 0:02:07]} Nf6 {[%emt 0:00:06]} 3. Bd3 {[%emt 0:00:56]} e5 {[%emt 0:01:24]} 4. c3 {[%emt 0:07:12]} Be7 {[%emt 0:02:09]} 5. Nf3 {[%emt 0:00:58]} Nbd7 {[%emt 0:09:41]} 6. Nbd2 {[%emt 0:02:17]} exd4 {[%emt 0:05:30]} 7. cxd4 {[%emt 0:00:40]} O-O {[%emt 0:00:43]} 8. O-O {[%emt 0:00:21]} Nb6 {[%emt 0:02:43]} 9. Re1 {[%emt 0:01:27]} c5 {[%emt 0:04:51]} 10. Nc4 {[%emt 0:02:39]} Nxc4 {[%emt 0:12:47]} 11. Bxc4 {[%emt 0:00:15]} Bg4 {[%emt 0:01:29]} 12. dxc5 {[%emt 0:03:11]} dxc5 {[%emt 0:03:03]} 13. Bf4 {[%emt 0:01:40]} Qxd1 {[%emt 0:16:32]} 14. Raxd1 {[%emt 0:00:22]} Rad8 {[%emt 0:01:01]} 15. e5 {[%emt 0:04:21]} Nh5 {[%emt 0:06:12]} 16. Be3 {[%emt 0:00:41]} g6 {[%emt 0:05:16]} 17. Rxd8 {[%emt 0:04:56]} Rxd8 {[%emt 0:01:27]} 18. Bg5 {[%emt 0:01:00]} Kf8 {[%emt 0:02:27]} 19. Bh6+ {[%emt 0:07:30]} Ng7 {[%emt 0:02:22]} 20. Ng5 {[%emt 0:02:15]} Bxg5 {[%emt 0:01:42]} 21. Bxg5 {[%emt 0:00:09]} Rd4 {[%emt 0:00:23]} 22. b3 {[%emt 0:00:30]} b6 {[%emt 0:00:33]} 23. f3 {[%emt 0:05:05]} Be6 {[%emt 0:00:35]} 24. Be3 {[%emt 0:00:24]} Rd8 {[%emt 0:00:24]} 25. Bg5 {[%emt 0:00:26]} Rd4 {[%emt 0:00:07]} 26. Be3 {[%emt 0:00:25]} Rd8 {[%emt 0:00:57]} 27. Bg5 {[%emt 0:00:42]} Rd4 {[%emt 0:00:24]} 28. Be3 {[%emt 0:00:10]} Rd8 {[%emt 0:00:08]} 29. Bg5 {[%emt 0:00:08]} Rd4 {[%emt 0:00:05]} 30. Be3 {[%emt 0:00:09]} Rd8 {[%emt 0:00:03]} 1/2-1/2

[Event "CZE-ch 2020"]
[Site "Pilsen"]
[Date "2020.08.25"]
[Round "3.30"]
[White "Frank, Adam"]
[Black "Kures, Michael"]
[Result "1-0"]
[WhiteElo "2219"]
[BlackElo "2019"]
[Annotator "ChessBase"]
[PlyCount "45"]
[EventDate "2020.08.23"]
[EventType "swiss"]
[EventCountry "CZE"]
[SourceTitle "playchess.com"]
[Source "ChessBase"]
[SourceQuality "1"]
[TimeControl "40/5400+30:1800+30"]

1. e4 {[%emt 0:00:00]} c5 {[%emt 0:00:00]} 2. Nf3 {[%emt 0:00:00]} Nc6 {[%emt 0:00:00]} 3. d4 {[%emt 0:00:00]} cxd4 {[%emt 0:00:00]} 4. Nxd4 {[%emt 0:00:00]} Nf6 {[%emt 0:00:07]} 5. Nc3 {[%emt 0:00:00]} d6 {[%emt 0:00:05]} 6. Bg5 {[%emt 0:00:00]} e6 {[%emt 0:00:05]} 7. Qd2 {[%emt 0:00:00]} Be7 {[%emt 0:00:06]} 8. O-O-O {[%emt 0:00:09]} O-O {[%emt 0:00:08]} 9. f3 {[%emt 0:00:13]} a6 {[%emt 0:00:07]} 10. h4 {[%emt 0:00:05]} Qa5 {[%emt 0:00:48]} 11. Kb1 {[%emt 0:00:50]} Nxd4 {[%emt 0:02:56]} 12. Qxd4 {[%emt 0:00:07]} b5 {[%emt 0:00:40]} 13. Qd2 {[%emt 0:12:29]} b4 {[%emt 0:04:38]} 14. Ne2 {[%emt 0:00:05]} h6 {[%emt 0:04:07]} 15. Nd4 {[%emt 0:20:29]} hxg5 {[%emt 0:05:38]} 16. hxg5 {[%emt 0:00:41]} Nxe4 {[%emt 0:00:53]} 17. fxe4 {[%emt 0:16:32]} Qxg5 {[%emt 0:00:26]} 18. Qf2 {[%emt 0:10:11]} a5 {[%emt 0:05:17]} 19. Be2 {[%emt 0:02:19]} g6 {[%emt 0:04:05]} 20. Rd3 {[%emt 0:14:56]} Bb7 {[%emt 0:04:23]} 21. Rdh3 {[%emt 0:04:53]} Bf6 {[%emt 0:02:48]} 22. Nf5 {[%emt 0:08:29]} Bxe4 {[%emt 0:41:07]} 23. Ne7+ {[%emt 0:00:35]} 1-0

[Event "CZE-ch 2020"]
[Site "Pilsen"]
[Date "2020.08.25"]
[Round "3.31"]
[White "Koubova, Anna Marie"]
[Black "Novotny, Martin"]
[Result "1/2-1/2"]
[WhiteElo "2099"]
[BlackElo "2180"]
[Annotator "ChessBase"]
[PlyCount "65"]
[EventDate "2020.08.23"]
[EventType "swiss"]
[EventCountry "CZE"]
[SourceTitle "playchess.com"]
[Source "ChessBase"]
[SourceQuality "1"]
[TimeControl "40/5400+30:1800+30"]

1. d4 {[%emt 0:00:00]} Nf6 {[%emt 0:00:00]} 2. c4 {[%emt 0:00:13]} g6 {[%emt 0:00:12]} 3. Nc3 {[%emt 0:00:24]} d5 {[%emt 0:00:35]} 4. cxd5 {[%emt 0:00:58]} Nxd5 {[%emt 0:00:20]} 5. e4 {[%emt 0:00:33]} Nxc3 {[%emt 0:00:22]} 6. bxc3 {[%emt 0:00:17]} Bg7 {[%emt 0:00:23]} 7. Nf3 {[%emt 0:02:55]} c5 {[%emt 0:00:20]} 8. Bb5+ {[%emt 0:02:40]} Nc6 {[%emt 0:06:39]} 9. d5 {[%emt 0:03:55]} Qa5 {[%emt 0:03:45]} 10. Rb1 {[%emt 0:03:53]} Bxc3+ {[%emt 0:02:19]} 11. Bd2 {[%emt 0:03:44]} a6 {[%emt 0:01:46]} 12. Bxc6+ {[%emt 0:07:04]} bxc6 {[%emt 0:00:40]} 13. dxc6 {[%emt 0:01:14]} Be6 {[%emt 0:03:08]} 14. Rc1 {[%emt 0:00:52]} Bxd2+ {[%emt 0:01:33]} 15. Qxd2 {[%emt 0:00:21]} Qb4 {[%emt 0:05:36]} 16. O-O {[%emt 0:01:07]} Qxd2 {[%emt 0:01:59]} 17. Nxd2 {[%emt 0:00:10]} O-O-O {[%emt 0:00:53]} 18. Nb3 {[%emt 0:01:21]} Bxb3 {[%emt 0:01:36]} 19. axb3 {[%emt 0:00:24]} Rd3 {[%emt 0:01:26]} 20. Rxc5 {[%emt 0:01:15]} Rxb3 {[%emt 0:00:17]} 21. Ra1 {[%emt 0:00:59]} Rb6 {[%emt 0:00:43]} 22. Rca5 {[%emt 0:01:00]} Rxc6 {[%emt 0:01:27]} 23. Rxa6 {[%emt 0:00:19]} Rxa6 {[%emt 0:00:46]} 24. Rxa6 {[%emt 0:00:07]} Kd7 {[%emt 0:00:45]} 25. Kf1 {[%emt 0:00:56]} Rc8 {[%emt 0:00:49]} 26. Ke2 {[%emt 0:00:21]} Rc3 {[%emt 0:00:49]} 27. Kd2 {[%emt 0:00:36]} Rb3 {[%emt 0:00:27]} 28. Kc2 {[%emt 0:00:17]} Rb8 {[%emt 0:00:24]} 29. Kd3 {[%emt 0:00:31]} Rb2 {[%emt 0:01:38]} 30. Ke3 {[%emt 0:00:14]} Ke8 {[%emt 0:01:14]} 31. Ra8+ {[%emt 0:01:03]} Kd7 {[%emt 0:00:12]} 32. Ra6 {[%emt 0:00:06]} Ke8 {[%emt 0:00:12]} 33. Ra8+ {[%emt 0:00:09]} 1/2-1/2

[Event "CZE-ch 2020"]
[Site "Pilsen"]
[Date "2020.08.25"]
[Round "3.32"]
[White "Pychova, Nela"]
[Black "Malinovsky, Petr"]
[Result "1/2-1/2"]
[WhiteElo "2159"]
[BlackElo "2081"]
[Annotator "ChessBase"]
[PlyCount "44"]
[EventDate "2020.08.23"]
[EventType "swiss"]
[EventCountry "CZE"]
[SourceTitle "playchess.com"]
[Source "ChessBase"]
[SourceQuality "1"]
[TimeControl "40/5400+30:1800+30"]

1. Nf3 {[%emt 0:00:00]} d5 {[%emt 0:00:00]} 2. g3 {[%emt 0:00:00]} e6 {[%emt 0:00:00]} 3. Bg2 {[%emt 0:00:00]} Nf6 {[%emt 0:00:12]} 4. O-O {[%emt 0:00:02]} Be7 {[%emt 0:00:10]} 5. d3 {[%emt 0:00:19]} O-O {[%emt 0:00:16]} 6. Nbd2 {[%emt 0:00:04]} b6 {[%emt 0:02:17]} 7. c4 {[%emt 0:05:16]} Bb7 {[%emt 0:00:26]} 8. Qc2 {[%emt 0:11:37]} c5 {[%emt 0:01:15]} 9. a3 {[%emt 0:10:41]} Nbd7 {[%emt 0:02:45]} 10. b3 {[%emt 0:01:57]} Qc7 {[%emt 0:01:18]} 11. Bb2 {[%emt 0:05:32]} Rad8 {[%emt 0:02:26]} 12. Rac1 {[%emt 0:06:06]} Qb8 {[%emt 0:01:34]} 13. Qb1 {[%emt 0:03:20]} d4 {[%emt 0:09:38]} 14. b4 {[%emt 0:04:55]} e5 {[%emt 0:02:44]} 15. Ba1 {[%emt 0:03:16]} Qa8 {[%emt 0:02:42]} 16. Nh4 {[%emt 0:01:50]} Bxg2 {[%emt 0:02:30]} 17. Nxg2 {[%emt 0:00:03]} Nh5 {[%emt 0:06:02]} 18. Rc2 {[%emt 0:04:55]} f5 {[%emt 0:01:53]} 19. Rb2 {[%emt 0:03:41]} Bg5 {[%emt 0:08:37]} 20. Nf3 {[%emt 0:03:12]} Be7 {[%emt 0:05:23]} 21. Nd2 {[%emt 0:02:17]} Bg5 {[%emt 0:00:46]} 22. Nf3 {[%emt 0:00:57]} Be7 {[%emt 0:00:20]} 1/2-1/2

[Event "CZE-ch 2020"]
[Site "Pilsen"]
[Date "2020.08.25"]
[Round "3.33"]
[White "Nemec, Jachym"]
[Black "Laurincova, Kristyna"]
[Result "1-0"]
[WhiteElo "2150"]
[BlackElo "2008"]
[Annotator "ChessBase"]
[PlyCount "63"]
[EventDate "2020.08.23"]
[EventType "swiss"]
[EventCountry "CZE"]
[SourceTitle "playchess.com"]
[Source "ChessBase"]
[SourceQuality "1"]
[TimeControl "40/5400+30:1800+30"]

1. d4 {[%emt 0:00:00]} Nf6 {[%emt 0:00:00]} 2. Nf3 {[%emt 0:00:00]} g6 {[%emt 0:00:00]} 3. c4 {[%emt 0:00:00]} Bg7 {[%emt 0:00:00]} 4. Nc3 {[%emt 0:00:03]} d5 {[%emt 0:00:00]} 5. Bf4 {[%emt 0:00:07]} O-O {[%emt 0:00:54]} 6. Rc1 {[%emt 0:01:30]} c6 {[%emt 0:07:51]} 7. e3 {[%emt 0:00:55]} Qa5 {[%emt 0:05:28]} 8. Bd3 {[%emt 0:00:26]} Ne4 {[%emt 0:14:14]} 9. Bxe4 {[%emt 0:05:43]} dxe4 {[%emt 0:00:06]} 10. Ng5 {[%emt 0:01:54]} f5 {[%emt 0:02:22]} 11. Qb3 {[%emt 0:01:10]} Qb6 {[%emt 0:00:53]} 12. Nb5 {[%emt 0:00:25]} Qa5+ {[%emt 0:08:13]} 13. Rc3 {[%emt 0:47:51]} c5 {[%emt 0:03:00]} 14. h4 {[%emt 0:07:18]} Nc6 {[%emt 0:06:36]} 15. O-O {[%emt 0:09:37]} e5 {[%emt 0:07:55]} 16. dxe5 {[%emt 0:00:40]} Nxe5 {[%emt 0:02:27]} 17. Rd1 {[%emt 0:01:15]} h6 {[%emt 0:00:41]} 18. Nh3 {[%emt 0:00:04]} Be6 {[%emt 0:01:44]} 19. Bxe5 {[%emt 0:01:31]} Bxe5 {[%emt 0:00:05]} 20. Rcc1 {[%emt 0:00:20]} Rad8 {[%emt 0:17:36]} 21. Nf4 {[%emt 0:02:24]} Bxf4 {[%emt 0:00:27]} 22. exf4 {[%emt 0:00:07]} Rd2 {[%emt 0:10:06]} 23. Nc3 {[%emt 0:00:36]} Rfd8 {[%emt 0:01:57]} 24. Rxd2 {[%emt 0:00:53]} Rxd2 {[%emt 0:00:01]} 25. Qxb7 {[%emt 0:00:45]} Qd8 {[%emt 0:06:24]} 26. Qc6 {[%emt 0:00:53]} Bf7 {[%emt 0:01:20]} 27. Qxc5 {[%emt 0:02:31]} Qxh4 {[%emt 0:02:07]} 28. Nd5 {[%emt 0:00:58]} Rxb2 {[%emt 0:00:48]} 29. Qd4 {[%emt 0:00:41]} e3 {[%emt 0:00:33]} 30. Nf6+ {[%emt 0:00:29]} Qxf6 {[%emt 0:00:22]} 31. Qxf6 {[%emt 0:00:05]} exf2+ {[%emt 0:00:04]} 32. Kf1 {[%emt 0:00:34]} 1-0

[Event "CZE-ch 2020"]
[Site "Pilsen"]
[Date "2020.08.25"]
[Round "3.34"]
[White "Nemcova, Karin"]
[Black "Taus, Martin"]
[Result "1/2-1/2"]
[WhiteElo "1983"]
[BlackElo "2142"]
[Annotator "TA"]
[PlyCount "138"]
[EventDate "2020.08.23"]
[EventType "swiss"]
[EventCountry "CZE"]
[SourceTitle "playchess.com"]
[Source "ChessBase"]
[SourceQuality "1"]

{[%evp 15,138,-17,5,-83,-79,-83,-83,-83,-87,-93,-88,-93,-89,-91,-72,-72,-75,-84,-70,-65,-69,-81,-41,-42,-54,-61,-31,-91,-79,-91,-91,-192,-197,-210,-179,-177,-148,-181,-104,-117,-103,-113,-56,-86,-48,-101,-101,-126,-133,-230,-216,-218,-211,-201,-211,-5122,-116,-118,-105,-135,-120,-120,-135,-135,-135,-135,-95,-135,-95,-95,-67,-95,0,-14,-14,-14,0,-14,0,0,0,-8,0,0,0,0,0,0,0,0,0,0,0,0,0,0,0,0,0,0,0,0,0,0,0,0,0,0,0,0,0,0,0,0,0,0,0,0,0,0,0,0,0,0,0]} 1. e4 e6 2. d4 d5 3. Nc3 Nc6 4. Nf3 Nf6 5. Bg5 Be7 6. e5 Ne4 7. Bxe7 Qxe7 8. Bd3 Qb4 9. a3 {C10: French with 3 Nc3: Unusual Black 3rd moves and 3...dxe4.} (9. Bxe4 $11 Qxb2 10. Nxd5 exd5 11. Bxd5) 9... Nxc3 $17 10. axb4 Nxd1 11. Kxd1 {Black is better.} Nxb4 12. Be2 Bd7 13. c3 Nc6 {[#]} 14. b4 $146 ({Predecessor:} 14. Kd2 f6 15. exf6 gxf6 16. Bd3 Kf7 17. Rhe1 Kg7 18. Nh4 e5 19. dxe5 fxe5 20. Re3 {0-1 (34) Amer,M (2180)-Hassan,A (2260) Doha 2002}) 14... O-O 15. b5 Ne7 16. Kd2 c6 17. bxc6 Bxc6 18. h4 a6 19. h5 h6 20. g4 f6 21. Rh2 (21. exf6 $15 gxf6 22. Nh4) 21... Bb5 22. Bxb5 axb5 23. Rb1 (23. Rhh1 $17) 23... Ra2+ $19 24. Kd3 fxe5 25. Nxe5 Nc6 26. Ke3 Nxe5 (26... Ra3 $19 27. Kd3 Rf4) 27. dxe5 {[%mdl 4096] Endgame KRR-KRR} Rc8 28. Rb3 {[#]} b4 $1 {[%mdl 512]} 29. cxb4 $15 (29. Rxb4 Rxc3+) 29... Rcc2 30. Rg2 ({White should try} 30. Kf3 $1 $15) 30... Re2+ $17 31. Kd4 b6 32. g5 (32. Rc3 $17 {was called for.}) 32... Re4+ $19 (32... Rxf2 33. Rxf2 Rxf2 34. g6 $11) 33. Kd3 hxg5 $1 34. Rxg5 Rxf2 35. h6 $2 (35. Rg3) 35... Rf7 $2 (35... Ref4 $1 $19 {[%cal Rf4f3] has better winning chances. ( -> ...R4f3+)} 36. Rxg7+ Kh8) 36. Rc3 $17 {[#]} Kh7 $1 (36... Rxb4 $6 37. Rc6 $11) 37. hxg7 Rxg7 38. Rxg7+ Kxg7 {KR-KR} 39. Rc6 Rxe5 ({But not} 39... Rxb4 $6 40. Rxe6 b5 41. Rf6 $11) 40. Rxb6 Re4 41. Kc3 Kf6 42. Rc6 Ke5 43. b5 {[#]} d4+ (43... Ra4 $1 $17 44. b6 Ra1) 44. Kd2 {Threatening Rc5+.The position is equal.} Re3 45. Kc2 $1 Kd5 (45... Ra3 $5 {[%cal Ra3a5]} 46. b6 Ra5 $15) 46. Rc8 Rh3 47. b6 Rh7 {White must now prevent ...Rb7.} 48. Kd3 e5 {And now ...e4+ would win.} 49. Rc7 e4+ (49... Rh2 $5 50. Rd7+ $8 Kc5 $11) 50. Kd2 Rh2+ 51. Kc1 {b7 is the strong threat.} Rh6 52. b7 Rb6 $1 53. Kc2 Ke5 54. Rd7 Rb4 55. Rf7 Kd6 56. Rh7 Kc6 57. Rh4 Kd5 58. Rh7 e3 59. Rd7+ Ke4 (59... Kc4 $5) 60. Re7+ Kf3 {Threatens to win with ...Ke2.} 61. Kd3 Kf2 62. Rf7+ Ke1 63. Rh7 Kf2 64. Rf7+ Kg3 65. Re7 Kf4 66. Rf7+ Ke5 67. Rd7 Rb3+ 68. Kc2 Rb4 69. Kd3 Rb3+ {Whites escaped into a draw. Accuracy: White = 75%, Black = 77%.} 1/2-1/2

[Event "CZE-ch 2020"]
[Site "Pilsen"]
[Date "2020.08.25"]
[Round "3.35"]
[White "Riha, Vojtech"]
[Black "Janous, Marek"]
[Result "1-0"]
[WhiteElo "2270"]
[BlackElo "1968"]
[Annotator "ChessBase"]
[PlyCount "51"]
[EventDate "2020.08.23"]
[EventType "swiss"]
[EventCountry "CZE"]
[SourceTitle "playchess.com"]
[Source "ChessBase"]
[SourceQuality "1"]
[TimeControl "40/5400+30:1800+30"]

1. e4 {[%emt 0:00:00]} c5 {[%emt 0:00:00]} 2. b4 {[%emt 0:00:00]} cxb4 {[%emt 0:00:32]} 3. a3 {[%emt 0:00:07]} bxa3 {[%emt 0:00:23]} 4. Bxa3 {[%emt 0:01:05]} d6 {[%emt 0:00:13]} 5. d4 {[%emt 0:00:41]} g6 {[%emt 0:00:23]} 6. f4 {[%emt 0:01:29]} Bg7 {[%emt 0:01:00]} 7. Nf3 {[%emt 0:00:59]} Nc6 {[%emt 0:02:09]} 8. c3 {[%emt 0:01:53]} a6 {[%emt 0:15:42]} 9. Bd3 {[%emt 0:00:53]} Bd7 {[%emt 0:03:11]} 10. O-O {[%emt 0:00:52]} Rc8 {[%emt 0:01:45]} 11. e5 {[%emt 0:13:33]} dxe5 {[%emt 0:13:37]} 12. fxe5 {[%emt 0:00:22]} Nh6 {[%emt 0:00:45]} 13. Nbd2 {[%emt 0:04:05]} Bf5 {[%emt 0:12:01]} 14. Ne4 {[%emt 0:02:49]} O-O {[%emt 0:01:29]} 15. Kh1 {[%emt 0:07:20]} Re8 {[%emt 0:10:09]} 16. Nfg5 {[%emt 0:13:32]} Qd5 {[%emt 0:12:52]} 17. Qe2 {[%emt 0:07:19]} Bg4 {[%emt 0:08:13]} 18. Qe3 {[%emt 0:05:15]} Nf5 {[%emt 0:05:45]} 19. Qf4 {[%emt 0:02:45]} h6 {[%emt 0:02:11]} 20. Qxg4 {[%emt 0:02:00]} hxg5 {[%emt 0:01:59]} 21. Rxf5 {[%emt 0:05:21]} gxf5 {[%emt 0:00:41]} 22. Qxf5 {[%emt 0:00:11]} Qe6 {[%emt 0:01:34]} 23. Nf6+ {[%emt 0:00:24]} Bxf6 {[%emt 0:02:07]} 24. Qh7+ {[%emt 0:00:06]} Kf8 {[%emt 0:00:02]} 25. Bc4 {[%emt 0:01:45]} Qxc4 {[%emt 0:01:30]} 26. exf6 {[%emt 0:00:06]} 1-0